| 000 | 01289nam a2200289Ia 4500 | ||
|---|---|---|---|
| 999 |
_c51124 _d51124 |
||
| 001 | 18081 | ||
| 003 | GE_BSU | ||
| 005 | 20200528211717.0 | ||
| 008 | 181216s2006||||ge |||||||||||||| ||geo|| | ||
| 020 | _a9994025503 | ||
| 040 | _cGE_BSU | ||
| 041 | _ageo | ||
| 080 | _a811.353.1 ც-51 | ||
| 100 |
_aცეცხლაძე, ნანა _94739 |
||
| 245 |
_aმიმღეობა ძველ ქართულში / _cნანა ცეცხლაძე ; რედ. ზ. ჭუმბურიძე. |
||
| 264 |
_aბათუმი : _bბათუმის უნივერსიტეტი, _c2006. |
||
| 300 |
_a142 გვ. ; _c21სმ. |
||
| 501 | _a | ||
| 504 | _aბიბლიოგრაფია 134-138 | ||
| 520 | _aრეზ. რუს. ენ. | ||
| 541 | _h5ლ. | ||
| 653 | _aმიმღეობა ძველ ქართულში | ||
| 653 | _aძვ. ქართული ენა | ||
| 700 |
_dჭუმბურიძე, ზ. _eრედაქტორი _97722 |
||
| 710 |
_aბათუმის შოთა რუსთაველის სახელწიფო უნივერსიტეტი _bქართული ფილოლოგიის დეპარტამენტი _98254 |
||
| 942 |
_cBK _2udc |
||